গৃহদাহ / (Record no. 76182)
[ view plain ]
| 000 -LEADER | |
|---|---|
| fixed length control field | 01061nam a2200265 a 4500 |
| 001 - CONTROL NUMBER | |
| control field | 76182 |
| 003 - CONTROL NUMBER IDENTIFIER | |
| rucl marc code | BD-RjUL |
| 005 - DATE AND TIME OF LATEST TRANSACTION | |
| control field | 20211209082814.0 |
| 008 - FIXED-LENGTH DATA ELEMENTS--GENERAL INFORMATION | |
| fixed length control field | 151228s2019 bg ||||| |||| 00| 1 ben d |
| 020 ## - INTERNATIONAL STANDARD BOOK NUMBER | |
| International Standard Book Number | 9789848795835 |
| 035 ## - SYSTEM CONTROL NUMBER | |
| System control number | (BD-RjUL)76403 |
| 040 ## - CATALOGING SOURCE | |
| Original cataloging agency | BD-RjUL |
| Language of cataloging | eng |
| Transcribing agency | BD-RjUL |
| 041 ## - LANGUAGE CODE | |
| Language code of text/sound track or separate title | ben |
| 082 ## - DEWEY DECIMAL CLASSIFICATION NUMBER | |
| Edition number | 23 |
| Classification number | 891.443 |
| Author mark and year | CAG 2019 |
| 100 ## - MAIN ENTRY--PERSONAL NAME | |
| Personal name | চট্টোপাধ্যায়, শরৎ চন্দ্র |
| 9 (RLIN) | 118940 |
| 245 ## - TITLE STATEMENT | |
| Title | গৃহদাহ / |
| Statement of responsibility, etc. | শরৎ চন্দ্র চট্টোপাধ্যায় ; ভূমিকা মহি মুহাম্মদ |
| 250 ## - EDITION STATEMENT | |
| Edition statement | ১ম প্রতীক সং/২০১৯ |
| 260 ## - PUBLICATION, DISTRIBUTION, ETC. (IMPRINT) | |
| Place of publication, distribution, etc. | ঢাকা : |
| Name of publisher, distributor, etc. | প্রতীক প্রকাশনা, |
| Date of publication, distribution, etc. | ২০১৯. |
| 300 ## - PHYSICAL DESCRIPTION | |
| Pagination | ২৯৫ পৃ. ; |
| Size | ২২ সেমি. |
| 600 ## - SUBJECT ADDED ENTRY--PERSONAL NAME | |
| Personal name | Chattopadhyay, Sarat Chandra |
| Dates associated with a name | 1876-1938. |
| 650 ## - SUBJECT ADDED ENTRY--TOPICAL TERM | |
| Topical term or geographic name as entry element | উপন্যাস, বাংলা |
| 9 (RLIN) | 118345 |
| Topical term or geographic name as entry element | Fiction, Bengali |
| 9 (RLIN) | 117533 |
| 700 ## - ADDED ENTRY--PERSONAL NAME | |
| Personal name | মুহাম্মদ, মহি |
| 942 ## - ADDED ENTRY ELEMENTS (KOHA) | |
| Source of classification or shelving scheme | Dewey Decimal Classification |
| Koha item type | Books |
| Lost status | Source of classification or shelving scheme | Damaged status | Not for loan | Collection code | Permanent Location | Current Location | Shelving location | Date acquired | Source of acquisition | Cost, normal purchase price | Total Checkouts | Full call number | Date last seen | Copy number | Koha item type | Total Renewals | Date checked out |
|---|---|---|---|---|---|---|---|---|---|---|---|---|---|---|---|---|---|
| Dewey Decimal Classification | Not For Loan | Fiction | Central Library, University of Rajshahi | Central Library, University of Rajshahi | Reading Room | 04/11/2019 | Vidyasagar, Rajshahi | 300.00 | B 891.443 CHG 2019 | 07/11/2019 | C-1 | Books | |||||
| Dewey Decimal Classification | Fiction | Central Library, University of Rajshahi | Central Library, University of Rajshahi | 04/11/2019 | Vidyasagar, Rajshahi | 300.00 | 29 | B 891.443 CHG 2019 | 31/03/2026 | C-2 | Books | 2 | 05/03/2026 |